Loading...
| Painting/Sculpture | 0 | 2 | 0 | 1 | 20 | 49 | 71.50 | 1 | 1 |
| Literature - World Literature | 0 | 2 | 1 | 0 | 15 | 49 | 81.50 | 0 | 1 |
| Religion | 0 | 2 | 1 | 1 | 15 | 53 | 78.00 | 0 | 1 |
| Literature - British Literature | 0 | 1 | 0 | 0 | 10 | 38 | 38.00 | 0 | 1 |
| Mythology | 0 | 1 | 0 | 0 | 10 | 79 | 79.00 | 0 | 0 |
| Social Science | 0 | 1 | 0 | 0 | 10 | 49 | 49.00 | 0 | 0 |
| Geography | 0 | 1 | 0 | 1 | 10 | 114 | 114.00 | 0 | 0 |
| Literature - American Literature | 0 | 1 | 0 | 0 | 10 | 116 | 116.00 | 0 | 0 |
| Pop Culture | 0 | 1 | 0 | 1 | 10 | 105 | 105.00 | 0 | 0 |
| Science - Physics | 0 | 1 | 0 | 0 | 10 | 72 | 72.00 | 0 | 1 |
| Fine Arts - Other Fine Arts | 0 | 1 | 0 | 0 | 10 | 100 | 100.00 | 0 | 0 |
| History - European History | 0 | 0 | 1 | 0 | -5 | 0.00 | 0 | 0 | |
| Science - Biology | 0 | 0 | 1 | 0 | -5 | 0.00 | 0 | 0 | |
| History - World History | 0 | 0 | 1 | 0 | -5 | 0.00 | 0 | 0 | |
| Science - Chemistry | 0 | 0 | 1 | 0 | -5 | 0.00 | 0 | 0 | |
| Philosophy | 0 | 0 | 2 | 0 | -10 | 0.00 | 0 | 0 |